000 01412nam a2200229Ia 4500
003 Ost
005 20260416102401.0
008 260416s9999||||xx |||||||||||||| ||und||
040 _cfsecg
041 _aara
082 _a4
100 _aقبايلي، عبد النور
_eمؤلف
245 0 _a محاضرات في الاعلام الآلي 3 :
_bتمارين ومسائل محلولة /
_c عبد النور قبايلي
260 _aالجزائر
_bجامعة الجزائر3: كلية العلوم الإقتصادية، العلوم التجارية وعلوم التسيير
_c2023
300 _a213 ورقة
_bايضاحات
_c12 سم
504 _aمراجع ص.212
520 _aالجدوا إكسل وواجهته وواجهته الأساسية وأهم نوافذه، واستعماله لتحرير ومعالجة بياناته، الأشعة أو الجداول ذات البعد الواحد وكيفية استعمالهما داخل برنامج الإكسل،المصفوفات أو الجداول ذات البعدين وكيفية استعمالهما داخله، و أخيرا مسائل محلولة.
653 _aالاعلام الآلي
653 _aتكنولوجيا المعلومات
710 _aجامعة الجزائر3: كلية العلوم الإقتصادية، العلوم التجارية وعلوم التسيير
_eناشر علمي
942 _cHANDOUT
999 _c41427
_d41427